00370nam a2200169Ia 4500008004100000041001200041082002000053100001400073245001900087365000800106520001200114546001200126630001900138650001200157655001200169730001900181101110s9999 xx 000 0 und d aMARATHI bSR1013a891.464 aMate S.M. aVichar Manthan b5.5 aMarathi aMARATHI aVichar Manthan aMarathi aMarathi aVichar Manthan